000 00560cam a22002058i 4500
001 17970993
005 20240614053223.0
008 131213s2013 ii b 001 0 eng
020 _a9788132113799 (hardback : alk. paper)
040 _aDLC
_beng
_cDLC
_erda
082 0 0 _a305.5/6880954
_223
_bTOW
245 0 0 _aTowards sociology of dalits /
260 _aNew Delhi
_bSAGE Publications
_c2014
300 _alx, 211 p .,
490 0 _aReadings in Indian sociology ;
650 0 _aDalits
650 0 _aCaste
700 1 _aJudge, Paramjit S.
_eedt
942 _cL
999 _c5904
_d5904